LDR 00978naa#a2200193#i#450# 001 RU\\bibl\118786 005 20260514225326.4 011 ## _a1994-4683 100 ## _a20230428b2023####ek#y0rusy0150####ca 102 ## _aRU 200 1# _aПОИСК ЭФФЕКТИВНЫХ ПСИХОЛОГО-ПЕДАГОГИЧЕСКИХ СТРАТЕГИЙ МЕЖЛИЧНОСТНОГО ВЗАИМОДЕЙСТВИЯ ТРЕНЕРОВ И СПОРТСМЕНОВ-СТУДЕНТОВ _eЖурнальная статья 210 1# _aМосква _cНациональный государственный Университет физической культуры, спорта и здоровья им. П.Ф. Лесгафта _d2023 215 ## _a4 с. 608 ## _aЖурнальная статья _2local 675 ## _aОбработка и анализ результатов. 159.9.075 _z 700 #1 _aДмух _gО В 700 #1 _aЗемба _gЕ А 700 #1 _aОсипов _gА Ю 856 4# _auchzapiski.lesgaft.spb.ru _u